Detalles MARC
| 000 -CABECERA |
| campo de control de longitud fija |
01138naa a22003017i 4500 |
| 001 - NÚMERO DE CONTROL |
| campo de control |
232506 |
| 003 - IDENTIFICADOR DEL NÚMERO DE CONTROL |
| campo de control |
ES-MaBCM |
| 005 - FECHA Y HORA DE LA ÚLTIMA TRANSACCIÓN |
| campo de control |
20260325062559.0 |
| 008 - CÓDIGOS DE INFORMACIÓN DE LONGITUD FIJA |
| campo de control de longitud fija |
260226s2025 sp ||||| |||| 00| 0 spa d |
| 040 ## - FUENTE DE LA CATALOGACIÓN |
| Centro transcriptor |
ES-MaBCM |
| 245 00 - MENCIÓN DE TÍTULO |
| Título |
Pactos 3 : |
| Resto del título |
pactos internacionales : grandes acuerdos internacionales (relevantes para España) |
| 500 ## - NOTA GENERAL |
| Nota general |
Número monográfico |
| 610 27 - PUNTO DE ACCESO ADICIONAL DE MATERIA--NOMBRE DE ENTIDAD CORPORATIVA |
| Nombre de entidad corporativa o nombre de jurisdicción como elemento inicial |
Unión Europea |
| 9 (RLIN) |
52895 |
| 610 20 - PUNTO DE ACCESO ADICIONAL DE MATERIA--NOMBRE DE ENTIDAD CORPORATIVA |
| Nombre de entidad corporativa o nombre de jurisdicción como elemento inicial |
ONU |
| 9 (RLIN) |
116848 |
| 650 #7 - PUNTO DE ACCESO ADICIONAL DE MATERIA--TÉRMINO DE MATERIA |
| Término de materia o nombre geográfico como elemento inicial |
Nuevo orden económico |
| 9 (RLIN) |
59561 |
| 650 #7 - PUNTO DE ACCESO ADICIONAL DE MATERIA--TÉRMINO DE MATERIA |
| Término de materia o nombre geográfico como elemento inicial |
Relación diplomática |
| 9 (RLIN) |
60069 |
| 650 #7 - PUNTO DE ACCESO ADICIONAL DE MATERIA--TÉRMINO DE MATERIA |
| Término de materia o nombre geográfico como elemento inicial |
Relación internacional |
| 9 (RLIN) |
60079 |
| 650 #7 - PUNTO DE ACCESO ADICIONAL DE MATERIA--TÉRMINO DE MATERIA |
| Término de materia o nombre geográfico como elemento inicial |
Relaciones de la Unión Europea |
| 9 (RLIN) |
60072 |
| 650 #0 - PUNTO DE ACCESO ADICIONAL DE MATERIA--TÉRMINO DE MATERIA |
| Término de materia o nombre geográfico como elemento inicial |
Gobernanza |
| 9 (RLIN) |
119021 |
| 650 #7 - PUNTO DE ACCESO ADICIONAL DE MATERIA--TÉRMINO DE MATERIA |
| Término de materia o nombre geográfico como elemento inicial |
Región fronteriza |
| 9 (RLIN) |
60056 |
| 650 #7 - PUNTO DE ACCESO ADICIONAL DE MATERIA--TÉRMINO DE MATERIA |
| Término de materia o nombre geográfico como elemento inicial |
Nacionalismo |
| 9 (RLIN) |
59527 |
| 650 #7 - PUNTO DE ACCESO ADICIONAL DE MATERIA--TÉRMINO DE MATERIA |
| Término de materia o nombre geográfico como elemento inicial |
Conservadurismo |
| 9 (RLIN) |
58075 |
| 650 #7 - PUNTO DE ACCESO ADICIONAL DE MATERIA--TÉRMINO DE MATERIA |
| Término de materia o nombre geográfico como elemento inicial |
Movimiento europeo |
| 9 (RLIN) |
59489 |
| 650 #7 - PUNTO DE ACCESO ADICIONAL DE MATERIA--TÉRMINO DE MATERIA |
| Término de materia o nombre geográfico como elemento inicial |
Organización internacional |
| 9 (RLIN) |
59618 |
| 773 0# - ENLACE AL DOCUMENTO FUENTE |
| Lugar editor y fecha de publicación |
Madrid |
| Parte(s) relacionada(s) |
N. 195 (nov. 2025), p. 4-10; [95]-145 - Loc. S.425 |
| Título |
Nueva revista de política, cultura y arte |
| Número de control del registro relacionado |
105297 |
| 856 ## - LOCALIZACIÓN Y ACCESO ELECTRÓNICOS |
| Identificador Uniforme del Recurso (URI) |
https://mpr.koha.es/cgi-bin/koha/opac-retrieve-file.pl?id=cb0f66dc6fd7706e4adf5483f478dd8e |
| Texto de enlace |
Acceso al sumario |
| 942 ## - ELEMENTOS DE PUNTO DE ACCESO ADICIONAL (KOHA) |
| Fuente del sistema de clasificación o colocación |
Universal Decimal Classification |
| Tipo de ítem Koha |
Artículos de revistas |